Manav Jeevan aur smritisastra/ (Record no. 27456)

000 -LEADER
fixed length control field 00415nam a22001571a 4500
020 ## - INTERNATIONAL STANDARD BOOK NUMBER
ISBN 9788186103012
082 ## - DEWEY DECIMAL CLASSIFICATION NUMBER
Classification number S 294.592 1
Item number SRI/M
245 ## - TITLE STATEMENT
Title Manav Jeevan aur smritisastra/
Statement of responsibility, etc by Srikrishna Sharma (ed.)
260 ## - PUBLICATION, DISTRIBUTION, ETC. (IMPRINT)
Place of publication Jodhpur:
Name of publisher Rajasthani Granthagar,
Year of publication 2007.
300 ## - PHYSICAL DESCRIPTION
Number of Pages 242p.
650 ## - SUBJECT ADDED ENTRY--TOPICAL TERM
Topical Term Vedic Literature
650 ## - SUBJECT ADDED ENTRY--TOPICAL TERM
Topical Term Hinduism
650 ## - SUBJECT ADDED ENTRY--TOPICAL TERM
Topical Term Religion
700 ## - ADDED ENTRY--PERSONAL NAME
Personal name Srikrishna Sharma (ed.)
942 ## - ADDED ENTRY ELEMENTS (KOHA)
Koha item type Book
Holdings
Withdrawn status Lost status Damaged status Not for loan Permanent Location Current Location Date acquired Cost, normal purchase price Full call number Accession Number Cost, replacement price Price effective from Koha item type
        Sree Sankaracharya University of Sanskrit Sree Sankaracharya University of Sanskrit 08.01.2015 250.00 S 294.592 1 SRI/M 056963 0.00 08.01.2015 Book